Le nouveau nom de famille (notice n° 1586979)
[ vue normale ]
| 000 -LEADER | |
|---|---|
| fixed length control field | 00925cam a2200157 4500500 |
| 005 - DATE AND TIME OF LATEST TRANSACTION | |
| control field | 20251228060115.0 |
| 041 ## - LANGUAGE CODE | |
| Language code of text/sound track or separate title | fre |
| 042 ## - AUTHENTICATION CODE | |
| Authentication code | dc |
| 100 10 - MAIN ENTRY--PERSONAL NAME | |
| Personal name | Piard, Florence |
| Relator term | author |
| 245 00 - TITLE STATEMENT | |
| Title | Le nouveau nom de famille |
| 260 ## - PUBLICATION, DISTRIBUTION, ETC. | |
| Date of publication, distribution, etc. | 2005.<br/> |
| 500 ## - GENERAL NOTE | |
| General note | 49 |
| 520 ## - SUMMARY, ETC. | |
| Summary, etc. | Résumé Le recours aux contes de fées peut s’avérer un outil thérapeutique efficient pour les équipes soignantes. Il offre aux soignants l’occasion de dédramatiser des problématiques familiales douloureuses et d’analyser ce qui se rejoue dans le transfert. Les situations spécifiques propres à l’adoption peuvent s’avérer particulièrement violentes à l’adolescence. Deux contes relatant deux cas cliniques viennent illustrer notre propos. |
| 786 0# - DATA SOURCE ENTRY | |
| Note | Enfances & Psy | 29 | 4 | 2005-10-01 | p. 201-202 | 1286-5559 |
| 856 41 - ELECTRONIC LOCATION AND ACCESS | |
| Uniform Resource Identifier | <a href="https://shs.cairn.info/revue-enfances-et-psy-2005-4-page-201?lang=fr&redirect-ssocas=7080">https://shs.cairn.info/revue-enfances-et-psy-2005-4-page-201?lang=fr&redirect-ssocas=7080</a> |
Pas d'exemplaire disponible.




Réseaux sociaux